[Event "SVK-chT1E 0910"]
[Site "Slovakia"]
[Date "2010.03.07"]
[Round "11.1"]
[White "Lembak, Jurij"]
[Black "Zvarikova, Alexandra"]
[Result "1/2-1/2"]
[WhiteElo "2254"]
[BlackElo "2003"]
[PlyCount "214"]
[EventDate "2009.10.17"]
[EventType "team"]
[EventRounds "11"]
[EventCountry "SVK"]
[SourceTitle "EXT 2011"]
[Source "ChessBase"]
[SourceDate "2010.11.26"]
[SourceVersion "1"]
[SourceVersionDate "2010.11.26"]
[SourceQuality "1"]
[WhiteTeam "Kosice Slavia II"]
[BlackTeam "Zilina Mladost juniors"]
[WhiteTeamCountry "SVK"]
[BlackTeamCountry "SVK"]

1. d4 Nf6 2. Nf3 g6 3. Bg5 Bg7 4. Nbd2 d5 5. c3 0-0 6. e3 b6 7. Be2 Bb7 8. 0-0 c5 9. Qc2 Nc6 10. Rad1 cxd4 11. exd4 Rc8 12. Qb1 Qd6 13. Rfe1 Nh5 14. Ne5 Nxe5 15. Bxh5 Nc6 16. Bf3 e6 17. Nf1 b5 18. Nd2 Na5 19. b4 Nc4 20. Nb3 Bc6 21. Qc1 f6 22. Bf4 e5 23. Bg3 Rcd8 24. Be2 Qe7 25. dxe5 fxe5 26. Bf1 Qf7 27. Nc5 Rfe8 28. f3 Nd6 29. Bf2 Nf5 30. Bd3 Nd6 31. Bh4 Bf6 32. Bxf6 Qxf6 33. Bc2 e4 34. fxe4 Nxe4 35. Bxe4 dxe4 36. Qe3 Rxd1 37. Rxd1 Rf8 38. Nb3 Rd8 39. Rxd8+ Qxd8 40. Nd4 Qb6 41. Qg5 Be8 42. Qe5 Bf7 43. a3 Qa6 44. Qxe4 Qxa3 45. Qe3 Qa1+ 46. Kf2 a5 47. bxa5 Qxa5 48. Qd2 Qb6 49. g3 Qf6+ 50. Nf3 Bc4 51. g4 Qe6 52. Qd8+ Kg7 53. Qd4+ Kg8 54. Ne5 Qf6+ 55. Kg3 Bf7 56. Nf3 Qc6 57. Kf4 Bd5 58. Ne5 Qf6+ 59. Kg3 Bf7 60. h3 Qf1 61. Nf3 Qe2 62. Kf4 Qf1 63. h4 h5 64. gxh5 gxh5 65. Qg1+ Qxg1 66. Nxg1 Kf8 67. Ne2 Ke7 68. Ke5 Kd7 69. Nf4 Kc6 70. Kf6 Bb3 71. Nxh5 Kc5 72. Ng3 Bd1 73. Ke5 b4 74. Ne4+ Kc4 75. cxb4 Kxb4 76. Kd4 Bg4 77. Nf2 Bh5 78. Ke5 Kc4 79. Kf6 Kd5 80. Kg5 Be8 81. Ng4 Ke6 82. Nf6 Bf7 83. Ne4 Ke5 84. Ng3 Ke6 85. Nf5 Kd7 86. Nh6 Ke6 87. Ng4 Ke7 88. Nf6 Ke6 89. Ne4 Ke5 90. Nf2 Ke6 91. Nd3 Be8 92. Nf4+ Ke7 93. Nd5+ Kf8 94. Nf6 Ba4 95. h5 Kg7 96. Nd5 Bd1 97. h6+ Kh8 98. Ne3 Be2 99. Ng2 Bd3 100. Nf4 Bc2 101. Ne6 Bb1 102. Nf8 Kg8 103. Nd7 Kh8 104. Ne5 Bc2 105. Kf6 Kh7 106. Kg5 Kh8 107. Nf3 Kh7 1/2-1/2

[Event "SVK-chT1E 0910"]
[Site "Slovakia"]
[Date "2010.03.06"]
[Round "10.2"]
[White "Prielozny, Stanislav"]
[Black "Lembak, Jurij"]
[Result "0-1"]
[WhiteElo "2160"]
[BlackElo "2254"]
[PlyCount "56"]
[EventDate "2009.10.17"]
[EventType "team"]
[EventRounds "11"]
[EventCountry "SVK"]
[SourceTitle "EXT 2011"]
[Source "ChessBase"]
[SourceDate "2010.11.26"]
[SourceVersion "1"]
[SourceVersionDate "2010.11.26"]
[SourceQuality "1"]
[WhiteTeam "Rajecke Teplice"]
[BlackTeam "Kosice Slavia II"]
[WhiteTeamCountry "SVK"]
[BlackTeamCountry "SVK"]

1. d4 Nf6 2. Nf3 b6 3. g3 Bb7 4. c4 e6 5. Bg2 Bb4+ 6. Nc3 0-0 7. 0-0 Bxc3 8. bxc3 d6 9. Nd2 Bxg2 10. Kxg2 Qc8 11. e4 Qb7 12. f3 Nc6 13. Qe2 Na5 14. Ba3 Rfe8 15. c5 dxc5 16. dxc5 e5 17. Bb4 Nc6 18. cxb6 axb6 19. Nb3 Qa6 20. Rf2 Qxe2 21. Rxe2 Nb8 22. a4 c5 23. Nxc5 bxc5 24. Bxc5 Nc6 25. Ra3 Na5 26. Bb4 Nd7 27. Rd2 Nb6 28. Raa2 Nac4 0-1

[Event "SVK-chT1E 0910"]
[Site "Slovakia"]
[Date "2010.02.13"]
[Round "8.5"]
[White "Vacek, Ondrej"]
[Black "Lembak, Jurij"]
[Result "0-1"]
[WhiteElo "2147"]
[BlackElo "2254"]
[PlyCount "88"]
[EventDate "2009.10.17"]
[EventType "team"]
[EventRounds "11"]
[EventCountry "SVK"]
[SourceTitle "EXT 2011"]
[Source "ChessBase"]
[SourceDate "2010.11.26"]
[SourceVersion "1"]
[SourceVersionDate "2010.11.26"]
[SourceQuality "1"]
[WhiteTeam "Banska Bystrica"]
[BlackTeam "Kosice Slavia II"]
[WhiteTeamCountry "SVK"]
[BlackTeamCountry "SVK"]

1. Nf3 Nf6 2. c4 e6 3. g3 b6 4. Bg2 Bb7 5. 0-0 Be7 6. Nc3 c5 7. Re1 0-0 8. e4 d6 9. d4 cxd4 10. Nxd4 Qc8 11. b3 a6 12. Bb2 Nbd7 13. Qd2 Qc7 14. Rad1 Rfe8 15. Qd3 Rad8 16. Qb1 Bf8 17. Rd2 Qb8 18. h3 Nc5 19. Rde2 Rc8 20. Rd1 Red8 21. Rde1 e5 22. Nf5 b5 23. Nd5 Nxd5 24. cxd5 a5 25. Qd1 g6 26. Ne3 Bg7 27. f4 Nd7 28. f5 Qa7 29. Kh2 b4 30. Rf2 Ba6 31. Qf3 Nc5 32. Nc4 Bxc4 33. bxc4 Nd3 34. Ref1 Nxf2 35. Rxf2 Rxc4 36. Bf1 Rc5 37. h4 Rdc8 38. Bd3 a4 39. a3 bxa3 40. Bxa3 Rc3 41. Ra2 Qd4 42. fxg6 fxg6 43. Qg4 Qxd3 44. Qe6+ Kh8 0-1

[Event "SVK-chT 0910"]
[Site "Slovakia"]
[Date "2009.11.29"]
[Round "4"]
[White "Cvicela, Anton"]
[Black "Lembak, Jurij"]
[Result "1/2-1/2"]
[WhiteElo "2228"]
[BlackElo "2254"]
[PlyCount "42"]
[EventDate "2009.10.24"]
[EventType "team-tourn"]
[EventRounds "11"]
[EventCountry "SVK"]
[SourceTitle "EXT 2019"]
[Source "ChessBase"]
[SourceDate "2018.10.10"]
[SourceVersion "1"]
[SourceVersionDate "2018.10.10"]
[SourceQuality "1"]
[WhiteTeam "Hlohovec"]
[BlackTeam "Kosice Slavia"]
[WhiteTeamCountry "SVK"]
[BlackTeamCountry "SVK"]

1. e4 c6 2. d4 d5 3. Nc3 dxe4 4. Nxe4 Nd7 5. Nf3 Ngf6 6. Nxf6+ Nxf6 7. Ne5 Be6 8. Be2 g6 9. h4 h5 10. 0-0 Bg7 11. c4 0-0 12. Be3 Nd7 13. Nxd7 Qxd7 14. Qd2 Rfd8 15. Rad1 Bf6 16. g3 Bg4 17. Rfe1 Bxe2 18. Qxe2 Qf5 19. Rd2 Rd7 20. Kg2 Rad8 21. Red1 e6 1/2-1/2